书目信息 |
| 题名: |
党员行为规范问答
|
|
| 作者: | 本书编写组 | |
| 分册: | ||
| 出版信息: | 北京 中共中央党校出版社 2003 |
|
| 页数: | 219 | |
| 开本: | 20cm | |
| 丛书名: | ||
| 单 册: | ||
| 中图分类: | D263.1 | |
| 科图分类: | ||
| 主题词: | 中国共产党 | |
| 电子资源: | ||
| ISBN: | 7-5035-2758-7 | |
| 000 | 00491nam0 2200169 450 | |
| 001 | 0760515518 | |
| 005 | 20070817164835.51 | |
| 010 | @a7-5035-2758-7@d¥13.00 | |
| 100 | @a20070817d km y0chiy0120 ea | |
| 101 | 0 | @achi |
| 200 | 1 | @a党员行为规范问答@Adang yuan xing wei gui fan wen da@f本书编写组@Fben shu bian xie zu |
| 210 | @a北京@c中共中央党校出版社@d2003 | |
| 215 | @a219@d20cm | |
| 606 | 0 | @a中国共产党 |
| 690 | @aD263.1@v3 | |
| 801 | 0 | @aCN@bPFT@c20070817 |
| 905 | @a213230@dD263.1@eg36@f1 | |
| 党员行为规范问答/本书编写组.-北京:中共中央党校出版社,2003 |
| 219;20cm |
| ISBN 7-5035-2758-7:¥13.00 |
| ● |
| 相关链接 |
|
|
|
|
正题名:党员行为规范问答
索取号:D263.1/g36
 
预约/预借
| 序号 | 登录号 | 条形码 | 馆藏地/架位号 | 状态 | 备注 |
| 1 | 6500444 | 265004443 | 密集书库-海洋学院/ [索取号:D263.1/g36] | 在馆 |